La economía del futbol / (Registro nro. 12453)

Detalles MARC
000 -LEADER
fixed length control field 02482nam a2200253Ia 4500
003 - CONTROL NUMBER IDENTIFIER
control field OSt
005 - DATE AND TIME OF LATEST TRANSACTION
control field 20210915083503.0
008 - FIXED-LENGTH DATA ELEMENTS--GENERAL INFORMATION
fixed length control field 210310s2014 mx ad gr 000 0 spa d
020 ## - INTERNATIONAL STANDARD BOOK NUMBER
International Standard Book Number 9786079357078
040 ## - CATALOGING SOURCE
Original cataloging agency CO-JMCR
Transcribing agency CO-JMCR
041 0# - LANGUAGE CODE
Language code of text/sound track or separate title spa
082 ## - DEWEY DECIMAL CLASSIFICATION NUMBER
Classification number 796.334 /
Item number M941e
Edition number 23
100 1# - MAIN ENTRY--PERSONAL NAME
Personal name Murayama, Ciro,
Relator term autor
9 (RLIN) 28279
245 13 - TITLE STATEMENT
Title La economía del futbol /
Statement of responsibility, etc. Ciro Murayama
250 ## - EDITION STATEMENT
Edition statement Primera edición
260 ## - PUBLICATION, DISTRIBUTION, ETC.
Place of publication, distribution, etc. México :
Name of publisher, distributor, etc. Cal y arena,
Date of publication, distribution, etc. 2014.
300 ## - PHYSICAL DESCRIPTION
Extent 167 páginas :
Other physical details ilustraciones y gráficas en blanco y negro ;
Dimensions 23 cm.
505 0# - FORMATTED CONTENTS NOTE
Formatted contents note El futbol como actividad económica. -- El futbol y los medios de comunicación. -- Los mercados laborales en el futbol. -- Futbol e ilegalidad económica. -- Tiempo extra.
520 0# - SUMMARY, ETC.
Summary, etc. Entretenimiento masivo, distractor popular, fiesta colectiva, deporte de multitudes, "opio del pueblo", señal de identidad, el futbol es al mismo tiempo un gran y complejo mercado económico que abarca el intercambio de bienes y servicios, las relaciones laborales y el sector financiero. Todos los agentes que están presentes en cualquier industria se dan cita en el futbol: empresas -equipos-, consumidores -aficionados-, intermediarios -agentes de jugadores-, reguladores -la FIFA y los gobiernos nacionales-, trabajado res -futbolistas-, bienes de capital -estadios e instalaciones deportivas-, estrategias de mercadotecnia, agencias calificadoras -que evalúan la salud económica de clubes y ligas y hacen pronósticos de resultados-, agentes financieros -que suministran créditos a los equipos- y un amplio entramado mediático que difunde el producto del futbol a escala planetaria en la era de la globalización económica.<br/>El interés profesional de los economistas en los deportes inició a me diados del siglo XX cuando se profesionalizaron los torneos entre equipos en Estados Unidos; más adelante se desarrollaron en Inglaterra los primeros estudios económicos del balompié.<br/>Este libro subraya la relevancia económica del futbol y a la vez pone énfasis en cómo las decisiones económicas inciden sobre lo que ocurre en el terreno de juego. Desde esa perspectiva, señala que en México hay un campo abierto para que a partir de una mejor organización y regulación económica mejore la calidad de nuestro futbol.
650 14 - SUBJECT ADDED ENTRY--TOPICAL TERM
Topical term or geographic name entry element Fútbol
Form subdivision Aspectos económicos
9 (RLIN) 28281
650 24 - SUBJECT ADDED ENTRY--TOPICAL TERM
Topical term or geographic name entry element Actividad económica
Form subdivision Futbol
9 (RLIN) 40407
650 24 - SUBJECT ADDED ENTRY--TOPICAL TERM
Topical term or geographic name entry element Medios de comunicación
Form subdivision Futbol
9 (RLIN) 40408
942 ## - ADDED ENTRY ELEMENTS (KOHA)
Source of classification or shelving scheme Dewey Decimal Classification
Koha item type Books
Existencias
Withdrawn status Lost status Source of classification or shelving scheme Damaged status Not for loan Home library Current library Shelving location Date acquired Source of acquisition Total Checkouts Full call number Barcode Date last seen Date last checked out Copy number Price effective from Koha item type
    Dewey Decimal Classification     Biblioteca Pública José María del Castillo y Rada Biblioteca Pública José María del Castillo y Rada General Stacks 04/15/2018 Donación 4 796.334 / M941e 430005258 10/21/2025 10/21/2025 Ej.1 03/10/2021 Books